• 首页
  • 本馆介绍
  • 公告通知
  • 最新文献
  • 馆藏检索
  • 电子资源
  • 读者荐购
  • 参考咨询
  • CALIS
  • 我的图书馆
  • 登录
  • 详细信息显示
  • 放入我的书架
  • 预约/预借图书
  • 作者相关作品
  • 分类相关作品
  • 丛书相关作品
  • 出版社相关作品

书目信息

  • 表格格式
  • 工作单格式
  • 卡片格式
题名:
前秦史
    
 
作者: 蒋福亚 著
分册:  
出版信息: 北京   社会科学文献出版社  2020.08
页数: 377页
开本: 21cm
丛书名: 十六国史新编
单 册:
中图分类: K238
科图分类:
主题词: 前秦--qian qin--古代史
电子资源:
ISBN: 978-7-5201-6282-1
 
 
 
 
 
000 01016nam 2200277 450
001 202021189453
005 20211025120124.0
010    @a978-7-5201-6282-1@b精装@dCNY78.00
100    @a20210918d2020 em y0chiy50 ea
101 0  @achi
102    @aCN@b110000
105    @ay a 001yy
106    @ar
200 1  @a前秦史@Aqian qin shi@f蒋福亚著
210    @a北京@c社会科学文献出版社@d2020.08
215    @a377页@d21cm
225 2  @a十六国史新编@Ashi liu guo shi xin bian
314    @a蒋福亚, 历任首都师范大学历史系教授、博士生导师, 中国魏晋南北朝史学会理事、顾问等。
320    @a有书目和索引
330    @a本书也是目前前秦国别史的代表性著作, 书稿以汉晋时的氐族开始 (第一章), 论述氐族苻氏建国及苻坚统一北方及其经济、政治 (第二至四章) ; 接着探讨淝水之战及前秦败亡 (第五、六章) ; 最后论前秦之文化 (第七章)。
410  0 @12001 @a十六国史新编
606 0  @a前秦@Aqian qin@x古代史
690    @aK238@v5
701  0 @a蒋福亚@Ajiang fu ya@4著
801  0 @aCN@c20210909
905    @a河南城建学院图书馆@dK238@eJ568
    
    前秦史/蒋福亚著.-北京:社会科学文献出版社,2020.08
    377页;21cm.-(十六国史新编)
    
    
    ISBN 978-7-5201-6282-1(精装):CNY78.00
    本书也是目前前秦国别史的代表性著作, 书稿以汉晋时的氐族开始 (第一章), 论述氐族苻氏建国及苻坚统一北方及其经济、政治 (第二至四章) ; 接着探讨淝水之战及前秦败亡 (第五、六章) ; 最后论前秦之文化 (第七章)。
●
相关链接 在E读中查询图书 在当当中查询图书 在豆瓣中查询图书


正题名:前秦史     索取号:K238/J568         预约/预借

序号 登录号 条形码 馆藏地/架位号 状态 备注
1 1539593   215395935   社科库309/309社科库 33排5列6层/ [索取号:K238/J568] 在馆    
2 1539594   215395944   社科库309/309社科库 33排5列6层/ [索取号:K238/J568] 在馆    
河南城建学院图书馆 欢迎您!
大连网信软件有限公司© 版权所有